000 00544nam a22001697a 4500
005 20251108172859.0
008 250721s1998 xx 000 0 ara d
082 1 4 _a915/زوك
100 1 _aالزوكة، محمد خميس
245 1 0 _aآسيا : دراسة في الجغرافيا الإقليمية /
264 1 _aالإسكندرية :
_bدار المعرفة الجامعية،
_c1998.
300 _a527ص
650 1 7 _aالجغرافيا الإقليمية
650 1 7 _aتاريخ آسيا
942 _2ddc
_cBK
999 _c90777
_d90777